000 00610nam a2200265Ia 4500
005 20260306164029.0
008 008 260114s9999 xx 000 0 eng d
020 _a9780804779777
037 _aEBOOK
040 _aCRL
040 _beng
040 _cCRL
041 _2eng
041 _aeng
084 _qCRL
100 _aDubber, Valverde
_91129860
245 0 _aPolice And The Liberal State
260 _bStanford University Press
260 _c2013
650 _aLaw
856 _uhttps://academic.oup.com/book/22701
942 _cEBOOK
999 _c1712470
_d1712470